[Event "The day after"]
[Site "SchemingMind.com"]
[Date "2021.11.23"]
[Round "-"]
[White "kenneth m day"]
[Black "AussieMossie"]
[Result "0-1"]
[WhiteCountry "USA"]
[BlackCountry "AUS"]
[WhiteElo "1700"]
[WhiteRD "53"]
[BlackElo "2645"]
[BlackRD "89"]
[GameID "717835"]

1. e4 d6 2. d4 Nf6 3. Nc3 c6 4. Nf3 Qa5 5. Bd2 Qc7 6. Be2 e5 7. dxe5 dxe5 8. Bg5 Be7 9. Qd2 Be6 10. Bh4 O-O
11. Ng5 Bc8 12. O-O-O b5 13. Nf3 Nbd7 14. Qg5 b4 15. Nb1 h6 16. Qd2 Nxe4 17. Qe3 Bxh4 18. Nxh4 Ndf6 19. f3 Nd6 20. Qc5 Nd5
21. Rxd5 Nb7 22. Qc4 Be6 23. Qxb4 cxd5 24. g4 Rfc8 25. Bd3 e4 26. fxe4 Nc5 27. Nc3 Nxd3+ 28. cxd3 Rab8 29. Qd4 Qf4+ 30. Kc2 dxe4
31. Qxe4 Rxb2+ 32. Kxb2 Qd2+
0-1

[Event "The day after"]
[Site "SchemingMind.com"]
[Date "2021.11.30"]
[Round "-"]
[White "William Lindberg"]
[Black "Robert Bruce"]
[Result "1-0"]
[WhiteCountry "USA"]
[BlackCountry "SCO"]
[WhiteElo "2482"]
[WhiteRD "67"]
[BlackElo "2357"]
[BlackRD "68"]
[GameID "717963"]

1. c4 c5 2. Nc3 g6 3. e3 Bg7 4. d4 Nf6 5. d5 O-O 6. Nf3 d6 7. Bd3 e6 8. h3 a6 9. a4 a5 10. O-O Na6
11. e4 Nb4 12. dxe6 fxe6 13. Bg5 h6 14. Bxf6 Qxf6 15. e5 dxe5 16. Be4 Rd8 17. Qb1 g5 18. Re1 Qf8 19. Ra3 Bd7 20. Bxb7 Rab8
21. Be4 Be8 22. Nb5 Bh5 23. Rae3 Rd7 24. Nc3 Qe7 25. Ne2 Kh8 26. b3 Rbd8 27. Ng3 Bxf3 28. Rxf3 Qd6 29. Kh2 Qe7 30. Rf1 g4
31. hxg4 Qg5 32. Kg1 Qxg4 33. Qe1 Kg8 34. Qe2 Qh4 35. Re3 Rd2 36. Qe1 Qg5 37. Bb1 Qg4 38. Rf3 Qd4 39. Ne2 Qg4 40. Nc3 Nc6
41. Be4 Nb4 42. Qe3 R8d4 43. Rg3 Qf4 44. Bg6 Nc2 45. Bxc2 Rxc2 46. Qe1 e4 47. Ne2 Qf5 48. Nxd4 cxd4 49. Qd1 d3 50. Qa1 Qf7
51. Qe1 Qf4 52. Qxa5 Rc1 53. Rxc1 Qxc1+ 54. Kh2 Qf4 55. Qh5 Kh8 56. a5 d2 57. Qe8+ Bf8 58. Qd8 Qxf2 59. a6 h5 60. a7 d1=Q
61. Qxd1 Qxa7 62. Qxh5+ Qh7 63. Qxh7+
1-0

[Event "The day after"]
[Site "SchemingMind.com"]
[Date "2021.11.30"]
[Round "-"]
[White "Robert Bruce"]
[Black "William Lindberg"]
[Result "0-1"]
[WhiteCountry "SCO"]
[BlackCountry "USA"]
[WhiteElo "2357"]
[WhiteRD "68"]
[BlackElo "2482"]
[BlackRD "67"]
[GameID "717964"]

1. e4 c5 2. Ne2 Nf6 3. Nbc3 e5 4. g3 d5 5. exd5 Nxd5 6. Bg2 Be6 7. O-O Nc6 8. f4 Qd7 9. fxe5 O-O-O 10. d3 Be7
11. Ne4 h5 12. Nf4 h4 13. Nxe6 fxe6 14. c3 hxg3 15. hxg3 Nxe5 16. Qe2 Nf6 17. Nf2 Nxd3 18. Nxd3 Qxd3 19. Qxe6+ Rd7 20. Be3 Qd6
21. Qxd6 Bxd6 22. Rad1 b6 23. Bc6 Re7 24. Rf3 Kc7 25. Bb5 Rh7 26. Bg5 Rh5 27. Bc1 Re4 28. Bd3 Rhe5 29. Rdf1 Rg4 30. Kg2 Kc6
31. Bf5 Ra4 32. a3 c4 33. Rf4 Re2+ 34. R4f2 Re5 35. Rd2 Raa5 36. g4 Rad5 37. Rfd1 Rxd2+ 38. Bxd2 Re7 39. Kf3 b5 40. Re1 Rf7
41. Bf4 Nd5 42. Bxd6 Kxd6 43. Re6+ Kc5 44. Kg3 Rf6 45. Re8 Kd6 46. Rb8 Kc5 47. Be4 Nf4 48. Rc8+ Kb6 49. Rb8+ Ka5 50. Rb7 g5
51. Rxa7+ Kb6 52. Rb7+ Ka5 53. Bf5 Rf8 54. Bd7 Ne2+ 55. Kg2 Nf4+ 56. Kf3 Rf7 57. Rxb5+ Ka6 58. Bc6 Rf6 59. Bd5 Nxd5+
0-1

[Event "The day after"]
[Site "SchemingMind.com"]
[Date "2021.12.04"]
[Round "-"]
[White "Randy Bahr"]
[Black "Luisito"]
[Result "0-1"]
[WhiteCountry "USA"]
[BlackCountry "CUB"]
[WhiteElo "1897"]
[WhiteRD "74"]
[BlackElo "2251"]
[BlackRD "109"]
[GameID "718150"]

1. Nf3 Nf6 2. c4 g6 3. Nc3 Bg7 4. e4 d6 5. d4 O-O 6. Be2 e5 7. O-O Nc6 8. d5 Ne7 9. b4 a5 10. bxa5 Rxa5
11. a4 Nh5 12. Re1 f5 13. Ra3 Nf6 14. Bf1 Nxe4 15. Nxe4 fxe4 16. Ng5 Bh6 17. Ne6 Bxc1 18. Nxd8 Bxa3 19. Ne6 Bxe6 20. dxe6 Bc5
21. Re2 Raa8 22. Qc2 Rxf2 23. Rxf2 Rf8 24. Be2 Rxf2 25. Kh1 e3 26. h3 Nf5 27. Qb2 Ng3+ 28. Kh2 Nxe2 29. Qxb7 Nd4 30. Qc8+ Rf8
31. Qd7 e2
0-1

[Event "The day after"]
[Site "SchemingMind.com"]
[Date "2021.12.04"]
[Round "-"]
[White "Luisito"]
[Black "Randy Bahr"]
[Result "1-0"]
[WhiteCountry "CUB"]
[BlackCountry "USA"]
[WhiteElo "2251"]
[WhiteRD "109"]
[BlackElo "1897"]
[BlackRD "74"]
[GameID "718151"]

1. e4 c6 2. d4 d5 3. e5 Bf5 4. Be2 e6 5. Nf3 Ne7 6. O-O c5 7. dxc5 Nec6 8. Be3 Nd7 9. c4 Bxc5 10. cxd5 exd5
11. Bg5 Qc7 12. Nc3 d4 13. Nb5 Qb6 14. b4 Be7 15. Bxe7 Kxe7 16. Re1 Rhd8 17. a4 a5 18. bxa5 Rxa5 19. Nd6 Be6 20. Rb1 Qxb1
21. Qxb1
1-0

[Event "The day after"]
[Site "SchemingMind.com"]
[Date "2021.12.27"]
[Round "-"]
[White "sbb"]
[Black "Derek Price"]
[Result "0-1"]
[WhiteCountry "USA"]
[BlackCountry "ENG"]
[WhiteElo "2256"]
[WhiteRD "112"]
[BlackElo "2300"]
[BlackRD "73"]
[GameID "718657"]

1. e4 c5 2. Nf3 d6 3. Bb5+ Nd7 4. d4 Nf6 5. Nc3 a6 6. Bxd7+ Nxd7 7. O-O e6 8. d5 e5 9. a4 Be7 10. Be3 O-O
11. Nd2 Rb8 12. Qe2 b6 13. h3 Bg5 14. Bxg5 Qxg5 15. Nc4 Qe7 16. Rab1 a5 17. Qd3 Ba6 18. Nb5 Bxb5 19. axb5 g6 20. Rbe1 Rbe8
21. g4 Kg7 22. Qg3 Rh8 23. h4 h5 24. g5 f6 25. gxf6+ Qxf6 26. f3 Rhf8 27. Qg5 Qe7
0-1

[Event "The day after"]
[Site "SchemingMind.com"]
[Date "2021.12.26"]
[Round "-"]
[White "Derek Price"]
[Black "sbb"]
[Result "1-0"]
[WhiteCountry "ENG"]
[BlackCountry "USA"]
[WhiteElo "2300"]
[WhiteRD "73"]
[BlackElo "2256"]
[BlackRD "112"]
[GameID "718658"]

1. c4 g6 2. g3 Bg7 3. Bg2 c5 4. Nc3 Nc6 5. a3 b6 6. e3 e6 7. Nge2 Nge7 8. O-O O-O 9. d4 d5 10. cxd5 exd5
11. dxc5 bxc5 12. Nxd5 Rb8 13. Nxe7+ Nxe7 14. Qc2 Qb6 15. e4 Ba6 16. Bf4 Qxb2 17. Ra2 Qxc2 18. Rxc2 Rb3 19. Bd6 Re8 20. Bxc5 Rc8
21. Rd1 Bxe2 22. Bxe7 Rxc2 23. Rd8+ Bf8 24. h3 Ba6 25. Rxf8+ Kg7 26. Rd8 f6 27. e5 Rb1+ 28. Kh2
1-0

[Event "The day after"]
[Site "SchemingMind.com"]
[Date "2021.12.27"]
[Round "-"]
[White "abuteague"]
[Black "Kenny Elliott"]
[Result "1/2-1/2"]
[WhiteCountry "USA"]
[BlackCountry "USA"]
[WhiteElo "1647"]
[WhiteRD "80"]
[BlackElo "1507"]
[BlackRD "70"]
[GameID "718716"]

1. d4 d5 2. c4 e6 3. Bf4 Nc6 4. e3 Bb4+ 5. Nc3 Bxc3+ 6. bxc3 Nf6 7. Nf3 O-O 8. Bd3 Re8 9. O-O a6 10. c5 b5
11. h3 Bd7 12. Qc2 Qc8 13. Ne5 Kf8 14. Nxd7+ Qxd7 15. Bg5 Ng8 16. Bxh7 f6 17. Bxg8 Kxg8 18. Bf4 Qf7 19. g4 e5 20. dxe5 Nxe5
21. Bxe5 fxe5 22. Rad1 Qf3 23. Kh2 d4 24. cxd4 exd4 25. exd4 Qf4+ 26. Kg2 Re4 27. Qd3 Rd8 28. Qg3 Qxg3+ 29. Kxg3 Rexd4 30. Rxd4 Rxd4
31. Rc1 Rd2 32. a3 Rd3+ 33. Kh4 Rxa3 34. f4 Rf3 35. f5 b4 36. Ra1 Ra3 37. Rb1 a5 38. g5 Kf7 39. Kg4 Rc3 40. h4 Rxc5
41. h5 Rc4+ 42. Kg3 a4 43. h6 Kg8 44. hxg7 Kxg7 45. f6+ Kg6 46. Rf1 Rc5 47. f7 Rxg5+ 48. Kh4 Rh5+ 49. Kg4 Rg5+ 50. Kh4 Rh5+
51. Kg4 Rg5+ 52. Kh4 Rh5+ 53. Kg4 Rg5+ 54. Kh4
1/2-1/2

[Event "The day after"]
[Site "SchemingMind.com"]
[Date "2021.12.27"]
[Round "-"]
[White "Kenny Elliott"]
[Black "abuteague"]
[Result "1/2-1/2"]
[WhiteCountry "USA"]
[BlackCountry "USA"]
[WhiteElo "1507"]
[WhiteRD "70"]
[BlackElo "1647"]
[BlackRD "80"]
[GameID "718717"]

1. d4 d6 2. e4 Nf6 3. Nc3 c6 4. Nf3 Qa5 5. e5 dxe5 6. dxe5 Ne4 7. Bd2 Nxd2 8. Qxd2 e6 9. a3 Be7 10. Bd3 O-O
11. O-O b5 12. b4 Qb6 13. Qf4 g6 14. Qh6 Rd8 15. Ne4 Nd7 16. Nfg5 Bxg5 17. Nxg5 Nf8 18. Rae1 Bb7 19. Re3 Qd4 20. Rh3 Qxe5
21. Nxh7 Qg7 22. Qxg7+ Kxg7 23. Nxf8 Kxf8 24. Re1 a5 25. Rh8+ Ke7 26. Rxd8 Kxd8 27. Rd1 Ke7 28. h4 axb4 29. axb4 Rd8 30. Ra1 Ke8
31. g4 Ra8 32. Rxa8+ Bxa8 33. Kg2 Ke7 34. f4 Bb7 35. Kg3 Kf6 36. g5+ Kg7 37. Kg4 Bc8 38. h5 gxh5+ 39. Kxh5 Bd7 40. c4 bxc4
41. Bxc4 Be8 42. Kg4 Bd7 43. Kf3 f6 44. Bd3 fxg5 45. fxg5 Be8 46. Be4 Kf7 47. Kf4 Ke7 48. Ke5 Bd7 49. g6 Be8 50. g7 Kf7
51. g8=Q+ Kxg8 52. Kxe6 Kf8 53. Kd6 Bh5 54. Bxc6 Be2 55. Kc5 Ke7 56. Bb5 Bf3 57. Bc4 Kd7 58. b5 Kc7 59. b6+ Kb8 60. Bd5 Be2
61. Kb4 Bg4 62. Ka5 Bf5= 63. Bc6 Bd3 64. Bb5 Bxb5 65. Kxb5 Kb7 66. Ka5 Kb8 67. Kb5 Kb7 68. Kc5 Kb8 69. Kc6 Kc8 70. b7+ Kb8
71. Kb6
1/2-1/2

[Event "The day after"]
[Site "SchemingMind.com"]
[Date "2022.01.02"]
[Round "-"]
[White "JimM"]
[Black "Helga1946"]
[Result "0-1"]
[WhiteCountry "USA"]
[BlackCountry "GER"]
[WhiteElo "1670"]
[WhiteRD "89"]
[BlackElo "2289"]
[BlackRD "74"]
[GameID "718925"]

1. e4 e5 2. Nf3 Nc6 3. Bb5 a6 4. Ba4 b5 5. Bb3 Nf6 6. O-O Bb7 7. d3 Be7 8. Nc3 O-O 9. Nd5 Nxd5 10. Bxd5 d6
11. c3 Qc8 12. Ng5 Nd8 13. Bxb7 Qxb7 14. Qh5 Bxg5 15. Bxg5 c5 16. Qg4 Ne6 17. Bh6 d5 18. exd5 Qxd5 19. Rfd1 f5 20. Qg3 f4
21. Qg4 Rf6 22. c4 Qb7 23. Bxg7 Rg6 24. Qh3 Ng5 25. Qh5 Nf3+
0-1

[Event "The day after"]
[Site "SchemingMind.com"]
[Date "2022.01.04"]
[Round "-"]
[White "Helga1946"]
[Black "JimM"]
[Result "1-0"]
[WhiteCountry "GER"]
[BlackCountry "USA"]
[WhiteElo "2289"]
[WhiteRD "74"]
[BlackElo "1670"]
[BlackRD "89"]
[GameID "718926"]

1. c4 Nf6 2. d4 g6 3. Nc3 d5 4. cxd5 Nxd5 5. Nf3 Bg7 6. e4 Nxc3 7. bxc3 c5 8. Be3 cxd4 9. cxd4 Nc6 10. Be2 O-O
11. O-O a6 12. Rc1 Qa5 13. d5 Ne5 14. Nd2 Qd8 15. f4 Nd7 16. Nb3 b5 17. Nd4 Bb7 18. Nc6 Qe8 19. Na5 Bc8 20. e5 h5
21. Bf3 Rb8 22. Qd4 Rb6 23. Rc7 f6 24. e6 Rd6 25. Qa7
1-0

[Event "The day after"]
[Site "SchemingMind.com"]
[Date "2022.01.09"]
[Round "-"]
[White "carra1971"]
[Black "aperturaf"]
[Result "1-0"]
[WhiteCountry "CUB"]
[BlackCountry "ESP"]
[WhiteElo "2350"]
[WhiteRD "89"]
[BlackElo "2351"]
[BlackRD "86"]
[GameID "719399"]

1. e4 e6 2. d4 d5 3. e5 c5 4. c3 Nc6 5. Nf3 Nh6 6. Bxh6 gxh6 7. Bb5 Bd7 8. Bxc6 bxc6 9. O-O Qb6 10. Qd2 Rb8
11. b3 cxd4 12. cxd4 c5 13. Nc3 cxd4 14. Ne2 Bb5 15. Nfxd4 Bxe2 16. Nxe2 Bg7 17. Rae1 O-O 18. Ng3 Qb4 19. Qe2 Rfc8 20. Nh5 Rc7
21. f4 Kh8 22. Rc1 Rbc8 23. Rxc7 Qb6+ 24. Kh1 Qxc7 25. Qa6 Rg8 26. Qd3 Rc8 27. h3 Qc2 28. Qa6 Rg8 29. Rg1 Qc7 30. a4 Bf8
31. Nf6 Rg3 32. Qb5 Rc3 33. Kh2 Qc8 34. Rd1 h5 35. Nxh5 a6 36. Qf1 Be7 37. a5 h6 38. Rd3 Rc1 39. Qf3 Qg8 40. Rc3 Rxc3
41. Qxc3 Qd8 42. Qg3 Qg8 43. Qxg8+ Kxg8 44. Nf6+ Kf8 45. Nd7+ Ke8 46. Nb8 Bb4 47. Nxa6 Bxa5 48. Nc5 Be1 49. Nd3 Bh4 50. g3 Bd8
51. Kg2 h5 52. Kf3
1-0

[Event "The day after"]
[Site "SchemingMind.com"]
[Date "2022.01.10"]
[Round "-"]
[White "aperturaf"]
[Black "carra1971"]
[Result "0-1"]
[WhiteCountry "ESP"]
[BlackCountry "CUB"]
[WhiteElo "2314"]
[WhiteRD "83"]
[BlackElo "2388"]
[BlackRD "86"]
[GameID "719400"]

1. e4 d6 2. d4 Nf6 3. Nc3 g6 4. Nf3 Bg7 5. Be2 O-O 6. O-O e5 7. dxe5 dxe5 8. Bg5 Nbd7 9. Qd2 c6 10. Rfd1 Qc7
11. Qd6 Qxd6 12. Rxd6 Re8 13. Rad1 a5 14. Bc4 h6 15. Bxf6 Nxf6 16. a4 Kf8 17. Nd2 Ke7 18. Nb3 Nd7 19. Be2 h5 20. h3 Nf6
21. Kf1 Rh8 22. Bc4 Bh6 23. R6d3 h4 24. Rd6 Nd7 25. Be2 Nb6 26. R6d3 Bg5 27. Rb1 f5 28. Nd2 Be6 29. Nf3 Bf6 30. Rdd1 Rhd8
31. Bd3 Nd7 32. Rd2 Rf8 33. Re1 Kd8 34. Rdd1 Kc7 35. Nd2 Nc5 36. Bc4 Bd7 37. Nb3 Ne6 38. Kg1 Nd4 39. Nxd4 exd4 40. Ne2 d3
41. cxd3 Bxb2 42. Rb1 Bg7 43. Nf4 g5 44. Ne6+ Bxe6 45. Bxe6 fxe4 46. Rxe4 Rf4 47. Rxf4 gxf4 48. Kf1 Rb8 49. Rc1 Kd6 50. Bb3 f3
51. gxf3 b5 52. Ke1 Bb2 53. Rc2 Bd4 54. Rc1 Be5 55. Rc2 Rf8 56. Ke2 Rf4 57. d4 Bxd4 58. Bg8 Bc5
0-1

[Event "The day after"]
[Site "SchemingMind.com"]
[Date "2022.02.25"]
[Round "-"]
[White "AussieMossie"]
[Black "Helga1946"]
[Result "1-0"]
[WhiteCountry "AUS"]
[BlackCountry "GER"]
[WhiteElo "2643"]
[WhiteRD "103"]
[BlackElo "2314"]
[BlackRD "80"]
[GameID "721007"]

1. d4 d5 2. c4 dxc4 3. e3 Nf6 4. Bxc4 c5 5. Nf3 e6 6. O-O a6 7. Be2 Nbd7 8. Nbd2 b6 9. Nc4 b5 10. Nce5 Bb7
11. a4 b4 12. a5 Bd6 13. Nc4 Be7 14. Bd2 O-O 15. dxc5 Bxc5 16. Nd4 Qb8 17. Nb3 Ba7 18. Bxb4 Bxg2 19. Bxf8 Bxf1 20. Bxf1 Nxf8
21. Rc1 Qb5 22. Ncd2 Qg5+ 23. Bg2 Rd8 24. Qe2 Nd5 25. Nf3 Qh6 26. Qd3 Rb8 27. Nbd4 Nb4 28. Qc4 Bxd4 29. Nxd4 Qf6 30. Qc7 Nd3
31. Rc2 Rd8 32. Rd2 Rd7 33. Qb6 Qg6 34. Kf1 Ne5 35. Qxa6 Qb1+ 36. Ke2 Qg6 37. Nf3 Rxd2+ 38. Kxd2 Nxf3+ 39. Bxf3 Qf6 40. Bd1 Qxb2+
41. Bc2 Qb4+ 42. Ke2 h6 43. h3 f5 44. Bd3 Qb2+ 45. Kf3 Qa1 46. Kg2 Kh7 47. Qb6 Ng6 48. Qd8 Qa4 49. a6 Ne5 50. Be2 Qc6+
51. Kg1 Qc3 52. Qd1 Qa5 53. Qb1 Nd7 54. e4 Nb6 55. exf5 exf5 56. Qc2 Qa1+ 57. Bf1 Qf6 58. Bd3 Kg6 59. Qc5 Nd7 60. Qb5 Nb6
61. a7 Kf7 62. Qxf5 Qxf5 63. Bxf5 Na8 64. Kh2
1-0

[Event "The day after"]
[Site "SchemingMind.com"]
[Date "2022.02.25"]
[Round "-"]
[White "Helga1946"]
[Black "AussieMossie"]
[Result "0-1"]
[WhiteCountry "GER"]
[BlackCountry "AUS"]
[WhiteElo "2289"]
[WhiteRD "75"]
[BlackElo "2650"]
[BlackRD "97"]
[GameID "721008"]

1. c4 Nf6 2. d4 e6 3. Nf3 d5 4. Nc3 Be7 5. Bf4 O-O 6. Rc1 c5 7. dxc5 dxc4 8. Qxd8 Rxd8 9. e4 Bxc5 10. Bxc4 Bb4
11. Bg5 h6 12. a3 Bxc3+ 13. Rxc3 hxg5 14. Nxg5 Nc6 15. f4 Rd4 16. Bd3 e5 17. Nf3 Rd8 18. fxe5 Ng4 19. Bb5 Ngxe5 20. Bxc6 Nxc6
21. Ke2 Re8 22. Ke3 Bf5 23. Rc4 Bg6 24. Kf4 Re6 25. Re1 Rae8
0-1

[Event "The day after"]
[Site "SchemingMind.com"]
[Date "2022.03.20"]
[Round "-"]
[White "Derek Price"]
[Black "William Lindberg"]
[Result "1/2-1/2"]
[WhiteCountry "ENG"]
[BlackCountry "USA"]
[WhiteElo "2344"]
[WhiteRD "73"]
[BlackElo "2427"]
[BlackRD "66"]
[GameID "721836"]

1. c4 c5 2. Nf3 Nf6 3. Nc3 Nc6 4. g3 e6 5. Bg2 d5 6. cxd5 exd5 7. d4 c4 8. O-O Be7 9. Ne5 O-O 10. Bg5 Be6
11. e3 h6 12. Bxf6 Bxf6 13. f4 Bxe5 14. dxe5 Qe7 15. Bxd5 Rfd8 16. Qf3 Bxd5 17. Nxd5 Qc5 18. Nc3 Qb6 19. Qf2 Nb4 20. e4 Qa5
21. a3 Nd3 22. Qe2 Rd4 23. Rfd1 Rad8 24. Qe3 R4d7 25. Rab1 a6 26. Nd5 Nc5 27. Rbc1 Nxe4 28. Qxe4 Rxd5 29. Rxd5 Rxd5 30. Qxc4 Qb6+
31. Kf1 Rd2 32. Qc8+ Rd8 33. Qc2 g6 34. Re1 Kg7 35. Re2 Qe6 36. Rd2 Qh3+ 37. Kg1 Rc8 38. Qd1 Rc7 39. Qf1 Qc8 40. Kg2=
1/2-1/2

[Event "The day after"]
[Site "SchemingMind.com"]
[Date "2022.03.20"]
[Round "-"]
[White "William Lindberg"]
[Black "Derek Price"]
[Result "1/2-1/2"]
[WhiteCountry "USA"]
[BlackCountry "ENG"]
[WhiteElo "2427"]
[WhiteRD "66"]
[BlackElo "2344"]
[BlackRD "73"]
[GameID "721837"]

1. c4 e5 2. Nf3 d6 3. Nc3 f5 4. d4 e4 5. Ng1 Nf6 6. Bf4 Be7 7. e3 O-O 8. Bg3 c6 9. Be2 Be6 10. Nh3 h6
11. Nf4 Bf7 12. h4 Nbd7 13. h5 a5 14. O-O Nb6 15. b3 Qe8 16. Rb1 d5 17. c5 Nbd7 18. Na4 Kh7 19. a3 Rg8 20. Rb2 Bd8
21. b4 axb4 22. Rxb4 Bc7 23. Rxb7 Bxf4 24. Bxf4 Bxh5 25. Bxh5 Nxh5 26. Bd6 Ndf6 27. Qb3 Qg6 28. Nc3 Qg4 29. a4 f4 30. exf4 Nxf4
31. Bxf4 Qxf4 32. Ne2 Qd2 33. Qe3 Qxe3 34. fxe3 Ng4 35. Rc7 Rgc8 36. Rxc8 Rxc8 37. Ra1 Nxe3 38. a5 Ra8 39. a6 g5 40. a7 h5
41. Ra6 Nf5 42. g3 Ne7 43. Nc3 Kg7 44. Kf1 Kf7=
1/2-1/2

[Event "The day after"]
[Site "SchemingMind.com"]
[Date "2022.03.23"]
[Round "-"]
[White "abuteague"]
[Black "Matthew Bailey"]
[Result "0-1"]
[WhiteCountry "USA"]
[BlackCountry "ENG"]
[WhiteElo "1647"]
[WhiteRD "80"]
[BlackElo "2583"]
[BlackRD "83"]
[GameID "721885"]

1. d4 Nf6 2. Bg5 Ne4 3. h4 d5 4. Nd2 Bf5 5. Nxe4 Bxe4 6. Qd2 h6 7. Bf4 e6 8. O-O-O Be7 9. f3 Bh7 10. g3 Nc6
11. a3 Qd7 12. g4 b5 13. g5 b4 14. a4 b3 15. cxb3 Bb4 16. Qe3 Nxd4 17. Rxd4 Qc6+ 18. Rc4 dxc4 19. bxc4 Qxc4+ 20. Kd1 Qc2#
0-1

[Event "The day after"]
[Site "SchemingMind.com"]
[Date "2022.03.23"]
[Round "-"]
[White "Matthew Bailey"]
[Black "abuteague"]
[Result "1-0"]
[WhiteCountry "ENG"]
[BlackCountry "USA"]
[WhiteElo "2604"]
[WhiteRD "81"]
[BlackElo "1682"]
[BlackRD "83"]
[GameID "721886"]

1. e4 d6 2. d4 Nf6 3. Nc3 c6 4. f4 Qa5 5. Bd3 e5 6. Nf3 Bg4 7. Be3 Nbd7 8. O-O Be7 9. h3 exf4 10. Bxf4 Bh5
11. Qe1 Qd8 12. Nh4 h6 13. Nf5 O-O 14. Qg3 Bg6 15. Nxe7+ Qxe7 16. Bxd6 Qd8 17. e5 Bxd3 18. Qxd3 Nd5 19. Nxd5 cxd5 20. Qf3 Qb6
21. Qxd5 Qc6 22. Qb3 Qb6 23. Qxb6 Nxb6 24. Bxf8 Rxf8 25. Rf3 Nc4 26. b3 Na3 27. c4 Nc2 28. Rd1 Nb4 29. d5 Nxa2 30. Rdf1
1-0

[Event "The day after"]
[Site "SchemingMind.com"]
[Date "2022.05.15"]
[Round "-"]
[White "AussieMossie"]
[Black "Derek Price"]
[Result "1-0"]
[WhiteCountry "AUS"]
[BlackCountry "ENG"]
[WhiteElo "2629"]
[WhiteRD "89"]
[BlackElo "2383"]
[BlackRD "72"]
[GameID "723512"]

1. e4 c5 2. Nf3 d6 3. d4 cxd4 4. Nxd4 Nf6 5. Nc3 a6 6. Be3 e5 7. Nb3 Be6 8. f3 h5 9. Qd2 Nbd7 10. Nd5 Bxd5
11. exd5 g6 12. Be2 Bg7 13. O-O b6 14. Rad1 O-O 15. Kh1 Re8 16. g4 hxg4 17. fxg4 Rc8 18. c3 b5 19. Qe1 Ne4 20. h4 Rc7
21. Rg1 Nec5 22. h5 Na4 23. Rd2 e4 24. Na5 Ne5 25. Nc6 Nxc6 26. dxc6 Rxc6 27. Rf1 d5 28. g5 Nb6 29. Qh4 Qc7 30. a4 bxa4
31. Bxa6 Nc4 32. Bxc4 dxc4 33. Rh2 Be5 34. Bd4 Kf8 35. Rf6 Bxd4 36. hxg6 Bxf6 37. gxf6 Qxh2+ 38. Kxh2 fxg6 39. Qh6+ Kf7 40. Qg7+ Ke6
41. f7 Rec8 42. f8=Q Rxf8 43. Qxf8 Rb6 44. Qe8+ Kf5 45. Kg3 Rxb2 46. Qxa4 e3 47. Qxc4 e2 48. Qd5+ Kf6 49. Kf2 g5 50. c4 Kg6
51. Qe6+ Kh5 52. c5 Kh4 53. Qe4+ Kh5 54. c6 Rb8 55. Qxe2+ Kh6 56. c7 Rf8+ 57. Kg3 Ra8 58. Qe6+
1-0

[Event "The day after"]
[Site "SchemingMind.com"]
[Date "2022.05.15"]
[Round "-"]
[White "Derek Price"]
[Black "AussieMossie"]
[Result "1/2-1/2"]
[WhiteCountry "ENG"]
[BlackCountry "AUS"]
[WhiteElo "2383"]
[WhiteRD "72"]
[BlackElo "2629"]
[BlackRD "89"]
[GameID "723513"]

1. c4 e5 2. Nc3 Nf6 3. Nf3 Nc6 4. g3 d5 5. cxd5 Nxd5 6. Bg2 Bc5 7. O-O O-O 8. d3 a5 9. Bd2 Nb6 10. Rc1 a4
11. Ne4 Be7 12. b4 axb3 13. axb3 Nd5 14. Nc5 Bd6 15. Ng5 Be7 16. Nf3 Ra7 17. b4 b6 18. b5 bxc5 19. bxc6 f6 20. Nh4 Be6
21. Be4 g6 22. Ng2 Nb4 23. Be3 Ra5 24. Bh6 Re8 25. Ne3 f5 26. Bf3 Qd6 27. h4 Nxc6 28. Nc4 Bxc4 29. Rxc4 Nd4 30. Bg2 Rb8
31. e3 Ne6 32. Ra4 Rab5 33. Qa1 Kf7 34. Rd1 R8b6 35. Ra8 Bf6 36. Qa2 Bg7 37. Bxg7 Kxg7 38. Qd5 Kf6 39. Rh8 Rb1 40. Rxb1 Rxb1+
41. Kh2 Rb2 42. Kg1 Rd2 43. Rxh7 Rd1+ 44. Kh2 Qxd5 45. Bxd5 Rxd3 46. Bc4 e4 47. Kg2 Rd6 48. h5 gxh5 49. Rxh5 Rb6 50. Rh8 Ng5
51. Rf8+ Ke5 52. Re8+ Ne6 53. f4+ exf3+ 54. Kxf3 Kf6 55. Bxe6 Rxe6 56. Rxe6+ Kxe6 57. e4 c4 58. exf5+ Kxf5 59. Ke3 Kg4=
1/2-1/2

[Event "The day after"]
[Site "SchemingMind.com"]
[Date "2022.06.17"]
[Round "-"]
[White "Luisito"]
[Black "carra1971"]
[Result "1/2-1/2"]
[WhiteCountry "CUB"]
[BlackCountry "CUB"]
[WhiteElo "2320"]
[WhiteRD "103"]
[BlackElo "2414"]
[BlackRD "86"]
[GameID "724504"]

1. d4 d5 2. Nf3 Nf6 3. c4 e6 4. Nc3 c6 5. e3 Nbd7 6. Qc2 Bd6 7. Bd3 dxc4 8. Bxc4 O-O 9. O-O b5 10. Bd3 Bb7
11. e4 e5 12. h3 exd4 13. Nxd4 b4 14. Nf5 bxc3 15. Nxd6 Ne5 16. Nxb7 Qxd3 17. Qxc3 Qxc3 18. bxc3 Nxe4 19. Re1 f5 20. f3 Nd3
21. Re3 Nxc1 22. Rxc1 Ng3 23. Kh2 f4 24. Re6 Rfe8 25. Rxc6 Re2 26. Nd6 Rf8 27. c4 h5 28. c5 Rf6 29. h4 Kh7 30. Rc8 Rg6
31. Re8 Nf1+ 32. Kh1 Ng3+=
1/2-1/2

[Event "The day after"]
[Site "SchemingMind.com"]
[Date "2022.06.17"]
[Round "-"]
[White "carra1971"]
[Black "Luisito"]
[Result "1-0"]
[WhiteCountry "CUB"]
[BlackCountry "CUB"]
[WhiteElo "2428"]
[WhiteRD "88"]
[BlackElo "2300"]
[BlackRD "104"]
[GameID "724505"]

1. e4 e5 2. Nf3 Nc6 3. d4 exd4 4. Nxd4 Bc5 5. Be3 Qf6 6. c3 Nge7 7. Bc4 O-O 8. O-O Ne5 9. Be2 d5 10. f4 N5c6
11. e5 Qh4 12. Rf2 Bb6 13. Nf3 Qh6 14. Bxb6 axb6 15. g3 f6 16. exf6 Qxf6 17. Qd2 h6 18. Na3 Nd8 19. Nc2 Nf7 20. Ne3 c6
21. Bd3 Bh3 22. Re1 b5 23. Qc2 Nc8 24. Nf5 Nfd6 25. N5d4 Ne7 26. Ne5 b4 27. cxb4 Rxa2 28. Qc3 Nf7 29. Bb1 Ra1 30. Nxf7 Qxf7
31. Bh7+ Kxh7 32. Rxa1 Nf5 33. Qc2 Kg8 34. Nf3 Nd6 35. Ne5 Qf6 36. Qb3 Qe6 37. Re1 Ne4 38. Rfe2 Kh7 39. Re3 Bf5 40. Qd1 Qf6
41. Qe2 Rd8 42. g4 Bg6 43. Qf3 Nd2 44. Qe2 Ne4 45. Rf1 Re8 46. Qd3
1-0

[Event "The day after"]
[Site "SchemingMind.com"]
[Date "2022.09.23"]
[Round "-"]
[White "Matthew Bailey"]
[Black "carra1971"]
[Result "1/2-1/2"]
[WhiteCountry "ENG"]
[BlackCountry "CUB"]
[WhiteElo "2581"]
[WhiteRD "70"]
[BlackElo "2444"]
[BlackRD "90"]
[GameID "726878"]

1. e4 e5 2. Nf3 Nc6 3. Bc4 Bc5 4. d3 h6 5. c3 Bb6 6. O-O Nf6 7. Re1 d6 8. Nbd2 O-O 9. h3 a5 10. Bb5 Be6
11. Nc4 Bc5 12. d4 Na7 13. Ba4 exd4 14. cxd4 Bxc4 15. dxc5 dxc5 16. Bd2 Bd3 17. e5 Ne4 18. Bxa5 c4 19. Bc2 Nc6 20. Bxd3 cxd3
21. Bxc7 Nxf2 22. Bxd8 Nxd1 23. Be7 Rfe8 24. Rexd1 Rxe7 25. Rxd3 Nxe5 26. Nxe5 Rxe5 27. Rd2 f6 28. a3 Kh7 29. Rc1 b5 30. Rf1 Rc8
31. Kh2 h5 32. Rfd1 Kg6=
1/2-1/2

[Event "The day after"]
[Site "SchemingMind.com"]
[Date "2022.09.23"]
[Round "-"]
[White "carra1971"]
[Black "Matthew Bailey"]
[Result "1/2-1/2"]
[WhiteCountry "CUB"]
[BlackCountry "ENG"]
[WhiteElo "2444"]
[WhiteRD "90"]
[BlackElo "2581"]
[BlackRD "70"]
[GameID "726879"]

1. Nf3 c5 2. c4 Nc6 3. e3 Nf6 4. Nc3 e6 5. d4 d5 6. cxd5 exd5 7. Bb5 cxd4 8. Nxd4 Bd7 9. O-O Bd6 10. Nf3 Be6
11. b3 a6 12. Bd3 Ne5 13. Nxe5 Bxe5 14. Bb2 O-O 15. Qd2 d4 16. exd4 Qxd4 17. Na4 Qd6 18. Bxe5 Qxe5 19. Rfe1 Qh5 20. Be2 Qf5
21. Rad1 b5 22. Bf3 Ra7 23. Qe3 Rc7 24. Nc3 Qc5 25. Qxc5 Rxc5 26. Ne2 Re8 27. Nf4 Kf8 28. Rc1 Rec8 29. Nxe6+ fxe6 30. Ra1 Ke7
31. a4 bxa4 32. Rxa4 a5 33. g3 Rc1 34. Rxc1 Rxc1+ 35. Kg2 Rc5 36. b4=
1/2-1/2